| 000 | 00571nam a2200217Ia 4500 | ||
|---|---|---|---|
| 008 | 200601s9999 xx 000 0 und d | ||
| 020 | _a978-1-84442-108-4 | ||
| 050 | _aREF TP 503 | ||
| 050 | _b.J67 2006 | ||
| 100 | _aJoseph, Robert. | ||
| 245 | 4 | _aThe Complete encyclopedia of wine / | |
| 245 | 0 | _cRobert Joseph | |
| 260 | _aItaly : | ||
| 260 | _bCarlton Books Limited. | ||
| 260 | _c2007 | ||
| 300 | _a288 pages : | ||
| 300 | _bcolor illustrations ; | ||
| 300 | _c28 cm. | ||
| 500 | _aIncludes index. | ||
| 650 | _aAlcoholic beverages -- Encyclopedias. | ||
| 999 |
_c363414 _d363414 |
||